| 000 | 00538nam a2200193Ia 4500 | ||
|---|---|---|---|
| 003 | GCL | ||
| 008 | 140319s9999 xx 000 0 eng d | ||
| 020 | _a9748496244 | ||
| 040 |
_aGCL / _cGCL |
||
| 082 | 0 | 4 |
_a577.09593 _bT E |
| 100 | 1 | _aTANABE, SHIGEHARU | |
| 245 | 1 | 0 |
_aECOLGY AND PRACTICAL TECHNOLOGY / _cTANABE, SHIGEHARU |
| 260 |
_aتايلانــد : _bWHITE LOTUS ، _c1997 |
||
| 300 |
_a24 CM ؛ _c300 P |
||
| 650 | 0 | 4 | _aAGRICULTURAL ECOLOGY |
| 650 | 0 | 4 | _aECOLOGY - THAILAND |
| 650 | 0 | 4 | _aFARMLAND - THAILAND |
| 942 |
_2ddc _cBK |
||
| 999 |
_c1896 _d1896 |
||